Quizzes
Events
Quiz Creation
Community
Videos
Private Events
Remove Ads
Sign In
Join for FREE
Feedback
Dark Mode
Quiz Categories
Sports
Geography
Music
Movies
Television
Just For Fun
Miscellaneous
History
Literature
Language
Science
Gaming
Entertainment
Religion
Holiday
For Kids
Quiz Lab
Recent
Popular Today
Quiz Kudos Today
Editor Picks
Curator Picks
Quizzes by...
Day
Popularity
Type
Ratings
Length
Year
Community
Subscriptions
Recent Discussions
Orange Saloon
Badges
Playlists
Quests
Create
Leaderboards
Showdown
Live 5
Trivia Bingo
Activity
Puzzle Library
Sporcle Events
Private Events
Virtual Trivia
Globe League
Become a Host
Pub Owners
SporcleCon
Opinionation
Our Games
Videos
Blog
Mobile Apps
Partnerships
Remove Ads and Go Orange
Feedback
Entertainment
Celebrity
Famous
Musical
Broadway
Show
Quote
Comic Books
Anime
Superhero
DC Comics
Marvel
Cartoons
Animation
Entertainment
Celebrity
Famous
Musical
Broadway
Show
Quote
Comic Books
Anime
Superhero
DC Comics
Marvel
Cartoons
Animation
Random Quiz
Search Sporcle
×
Quiz Lab
Quiz Lab
Entertainment
Star Wars
Select answers by clicking on text or image buttons
Select answers by clicking on text or image buttons
Clickable
Best Score? Go Orange.
Fantasy and Sci-Fi Settings Stats
Can you match the fantasy or science fiction books, movies, video games, etc. from one of their principal settings?
By
21_Guns
5m
32 Questions
821 Plays
821 Plays
821 Plays
Comments
Comments
Give Quiz Kudos
Give Quiz Kudos
-
- Ratings
hide this ad
More Info
Replay
Link that replays current quiz
Next Quiz
Link to next quiz in quiz playlist
You Got
0%
They Got
Avg Score
56%
Avg Friend Score
Upgrade to see
Score Distribution
Jump to the score distribution portion of the page
Score
0/32
Timer
05:00
0
Plays Today
% Correct
Hogwarts
96%
Middle Earth
94.6%
Narnia
94.4%
Neverland
93.4%
The Rabbit Hole
91.7%
Enterprise
89%
Tatooine
88.4%
The Emerald City
87.6%
The Tardis
85.3%
Westeros
81.6%
Pandora
75.2%
Panem
71%
Serenity
68.8%
Camp Half-Blood
60.5%
Discovery One
58.1%
Nostromo
54.3%
% Correct
Arrakis
52.5%
Battle School
51.8%
Aperture Laboratories
44.6%
Kanto
42.8%
New California Republic
35.9%
Pegasus
35.4%
R'lyeh
35%
Gil'ead
34%
The Animus
33.3%
Volterra
32.6%
Reach
32.2%
Rapture
30.4%
Mid-World
26.3%
Hollow Earth
13.3%
Chaos
11.9%
Vekta
10%
Quiz Playlist
Details
Report
Send in Message
Add To Playlist
More Info:
Open to your suggestions. Comment below and have fun :) This is my first clickable quiz, so if I did something wrong, please let me know. Thanks!
Clickable:
Select answers by clicking on text or image buttons
Last Updated: Feb 16, 2017
Quiz Scoreboard
CHALLENGE
Sign Up to Join the Scoreboard
Show All
Scores
Hide
Comments
May contain spoilers
Recently Published
TV Characters by Other Roles V
by ghcgh
Television
5m
Decade Duel: World Leaders
by jenniferyan
History
4m
Alphabetical 'K' Countries by Flag Minefield
by ylime102
Geography
3m
More to Explore
Quiz From the Vault
Featured Blog Post
15 Basketball Trivia Facts You Can Be March Mad About
hide this ad
You Might Also Like...
Tags
A Song of Ice and Fire Quiz
Harry Potter Quiz
Lord of the Rings Quiz
Star Trek Quiz
Star Wars Quiz
World Quiz
Fantasy
Game of Thrones
location
sci-fi
Science Fiction
Setting
spaceship
Today's Top Quizzes in Entertainment
Browse Entertainment
hide this ad
Today's Top Quizzes in Star Wars
Browse Star Wars
Top Contributed Quizzes in Entertainment
1
B Names for Actresses
2
Decade Duel: Actor
3
C Names for Actors
4
C Names for Actresses
5
Decade Duel: Actress
6
D Names for Actors
7
D Names for Actresses
8
Eurovision 2023 Logic Puzzle
9
The Joker Actors by Order
10
B Names for Actors
Explore More
Trending Topics
Harry Potter
Kpop
Anime
NBA
Crossword
Disney
Marvel
The Office
Pokémon
NFL
Country
Puzzle
Song
Soccer
WWE
hide this ad
More By:
21_Guns
Quiz
Plays
Rating
Category
Featured
Created
Game of Thrones House Profiles
87,872
4.64
Literature
Oct 1, 2012
Assassin's Creed Games
42,033
4.32
Gaming
Sep 6, 2011
Formula 1: Living or Dead?
2,224
3.67
Sports
Jan 22, 2019
Members of the 'Game of Thrones' Houses
2,127
4.13
Literature
Oct 21, 2012
US Cities On a Map From Space
2,074
4.67
Geography
Oct 21, 2013
Go to Creator's Profile
Score Distribution
Quiz Creator Spotlight
21_Guns
Follow
Send a Message
Quizzes Created
-
Created Quiz Play Count
-
More By This Creator
Popular Quizzes Today
1
Countries of Asia Without Outlines Minefield
2
Find the US States - No Outlines Minefield
3
Pick 6: Fruits
4
The Countries of the World
5
Find the Countries of Europe - No Outlines Minefield
6
Alphabetical 'K' Countries by Flag Minefield
7
US States
8
Find the US States
More Entertainment Quizzes
Golden State Warriors Celebrity Fans
Editor's Pick
Trending Quizzes
Pick 6: Mountains
Pick 6: Harry Potter
Pick 6: Flags
Pick 6: NFL Teams
C Names for Actors
Recently Updated
Adaptations: Name the Title
pecheneg
NWSL Teams
pecheneg
Women's Final Four Teams by Year
bhenderson79
Presidents Quartet II
eogle
Anything But Clue(do)
eogle
Anything But Oceanian Capitals
eogle
Anything But 7
eogle
Anything But Thing
eogle
Word Ladder: February 29
pecheneg
Song Title Questions
pecheneg
Trending Topics
Disney
Harry Potter
Marvel
NBA
Crossword
Kpop
Anime
Soccer
Puzzle
The Office
WWE
Song
Pokémon
Country
NFL
Your Account Isn't Verified!
In order to create a playlist on Sporcle, you need to verify the email address you used during registration. Go to your
Sporcle Settings
to finish the process.
Report this User
Report this user for behavior that violates our
Community Guidelines
.
Details:
Send Report
Go to the Sporcle.com Mobile Site →
Comments